El gran meaulnes / (Registro nro. 8517)

Detalles MARC
000 -LIDER
fixed length control field 01247nam a22004097a 4500
001 - NÚMERO DE CONTROL
Identificador de número de control 0074
003 - IDENTIFICACDOR DE NÚMERO DE CONTROL
control field DO-SdBNP
005 - DATE AND TIME OF LATEST TRANSACTION
control field 20171116120917.0
007 - CAMPOS FIJOS DE DESCRIPCIÓN FÍSICA
fixed length control field 0074
008 - ELEMENTOS DE LONGITUD FIJA
fixed length control field 151103b 1983 sp ||| 00| 0 spa d
020 ## - ISBN
International Standard Book Number 8475251307
040 ## - FUENTE DE CATALOGACIÓN
Agencia que crea de manera original el registro BPMSU
Idioma de catalogación spa
Agencia que realiza la transcripción BPMSU
041 17 - CÓDIGOS DE OBRAS TRADUCIDAS O EN VARIOS IDIOMAS
Código del idioma del texto/archivo de sonido o separata spa
Cód. del idioma original y/o traducciones intermedias del texto
082 #4 - NÚMERO DE CLASIFICACIÓN DECIMAL DE DEWEY
Classification number 843.8
Item number F778g
092 ## - LOCALLY ASSIGNED DEWEY DECIMAL CALL NUMBER
Número de clasificación
Número de ítem (Cutter)
100 1# - ASIENTO PRINCIPAL -- NOMBRE PERSONAL
Nombre personal Fournier-Alain
Fechas asociadas con el nombre 1886-1914.
240 ## - TITULO UNIFORME
Título uniforme El grand meaulnes
Idioma de una obra Español
245 13 - MENCIÓN DE TITULO
Título El gran meaulnes /
Mención de responsabilidad Alain-Fournier ; traducción Claudio Galindo ; ilustración Mario Lacoma
246 13 - VARIACION DEL TÍTULO
Título propiamente dicho o título corto El grand meaulnes
260 ## - PUBLICACIÓN, DISTRIBUCIÓN, ETC. (PIE DE IMPRENTA)
Lugar de publicación, distribución, etc Madrid :
Nombre del editor, distribuidor, etc. Ediciones Generales Anaya,
Fecha de publicación, distribución, etc 1983.
300 ## - DESCRIPCIÓN FÍSICA
Extensión 255 p. :
Otros detalles físicos il.;
Dimensiones 21 cm.
490 10 - MENCIÓN DE SERIES
Mención de serie Tus libros ;
-- Tu problemática
504 ## - NOTA DE BIBLIOGRAFÍA, ETC.
Bibliography, etc Incluye notas y referencias bibliográficas al pie de las páginas
504 ## - NOTA DE BIBLIOGRAFÍA, ETC.
Bibliography, etc Bibliografías : p. 255
600 ## - ENCABEZAMIENTO DE MATERIA--NOMBRE PERSONAL
Enlace
650 ## - ENCABEZAMIENTO DE MATERIA--TEMÁTICO
Término temático o nombre geográfico como elemento de entrada NOVELA FRANCESA
650 ## - ENCABEZAMIENTO DE MATERIA--TEMÁTICO
Término temático o nombre geográfico como elemento de entrada LITERATURA FRANCESA
650 ## - ENCABEZAMIENTO DE MATERIA--TEMÁTICO
Término temático o nombre geográfico como elemento de entrada VIDA COTIDIANA
Subdivisión de forma NOVELA
700 10 - ASIENTO SECUNDARIO -- NOMBRE PERSONAL
Nombre personal Galindo, Claudio,
Mención de responsabilidad tr.
700 10 - ASIENTO SECUNDARIO -- NOMBRE PERSONAL
Nombre personal Lacoma, Mario,
Mención de responsabilidad il.
830 ## - ASIENTO SECUNDARIO DE SERIE--TÍTULO UNIFORME
Título uniforme Tus libros ;
Nombre de la parte o sección de una obra Tu problemática
830 00 - ASIENTO SECUNDARIO DE SERIE--TÍTULO UNIFORME
Número de la parte o sección de una obra
942 ## - ADDED ENTRY ELEMENTS (KOHA)
Source of classification or shelving scheme Dewey Decimal Classification
Koha item type Libros
945 ## - INFORMACIÓN DE PROCESAMIENTO LOCAL
Información de procesamiento local Inventariado extranjero / 2017 VM
956 ## - LOCAL ELECTRONIC LOCATION AND ACCESS (OCLC)
Nombre de host Brenda Tavárez
956 ## - LOCAL ELECTRONIC LOCATION AND ACCESS (OCLC)
Nombre de host VMATEO
Número de acceso 10
Información de compresión 20161026
Trayectoria BPMSU
Nombre Electrónico 0069
Existencias
Withdrawn status Lost status Source of classification or shelving scheme Damaged status Not for loan Collection code Home library Current library Date acquired Source of acquisition Total Checkouts Full call number Barcode Date last seen Price effective from Koha item type
    Dewey Decimal Classification     Colección Juvenil General Biblioteca Pública Metropolitana Salomé Ureña Biblioteca Pública Metropolitana Salomé Ureña 11/03/2015 Donado Fundación Economía y Desarrollo   843.8 F778g BPMSU15110018 11/03/2015 11/03/2015 Libros